000 00992cam a2200217 4500
001 ABS66330
008 030129n2003 000 0 eng u
035 _a(Sirsi) u121167
100 _aSeidl, A.
245 _aProspects for 2003
260 _c2003
490 _aEstates Gazette
_v(0301) 4 January 2003, 25-33(8)
520 _aLooks at the prospects for property investment in 2003. Dicusses how property could be a safer investment than equities for European investors as the threat of war on Baghdad affects consumer and business confidence, increasing global economic uncertainties. Also presents the results of the "EG/Insignia Financial Services survey" with the views and opinions of those who responded to the survey.
590 _aABS
650 _aPROPERTY INVESTMENT MARKET
650 _aGLOBAL ECONOMY
650 _aECONOMIC DOWNTURN
650 _aBUSINESS CONFIDENCE
690 _aPROPERTY-COMMERCIAL PROPERTY-COMMERCIAL PROPERTY FINANCE AND INVESTMENT
942 _n0
999 _c71995
_d71995